Principios de ingeniería de los bioprocesos
Gespeichert in:
| 1. Verfasser: | |
|---|---|
| Format: | Buch |
| Sprache: | Spanisch |
| Veröffentlicht: |
Zaragoza
Acribia
1998
|
| Schlagworte: | |
| Tags: |
Tag hinzufügen
Keine Tags, Fügen Sie den ersten Tag hinzu!
|
MARC
| LEADER | 00000nam a2200000 a 4500 | ||
|---|---|---|---|
| 001 | UCJ1119 | ||
| 003 | CL-VaPUC | ||
| 008 | 060929e19980000SP |||||||||||||||||spa|d | ||
| 020 | |a 8420008532 | ||
| 082 | 0 | 4 | |a 660 |b DOR |2 21 |
| 100 | 0 | |a Doran, Pauline M |e author |9 501661 | |
| 245 | 1 | 0 | |a Principios de ingeniería de los bioprocesos |
| 300 | |a 468 p | ||
| 942 | |c BK | ||
| 945 | |d 20060929 00:00:00 |a jtorresc | ||
| 260 | |a Zaragoza |b Acribia |c 1998 | ||
| 650 | 0 | |a Ingeniería bioquímica |9 260241 | |
| 650 | 0 | |a Bioprocesos |9 456166 | |
| 650 | 0 | |a Biotecnología |9 259561 | |
| 650 | 7 | |a INGENIERIA QUIMICA |2 CL-VaPUC |9 8 | |
| 650 | 0 | |a Tecnología química |9 263002 | |
| 583 | |a last modification |c 20060929 00:00:00 |k Rodrigo Vera | ||
| 999 | |c 317832 |d 317830 | ||
| 952 | |0 0 |1 0 |2 ddc |4 0 |6 660_000000000000000_DOR_1998 |7 0 |8 A |9 394807 |a BIBING |b BIBING |c RES |d 2019-11-22 |i 4281713 |l 3 |o 660 DOR 1998 |p 4281713 |r 2025-01-20 |s 2022-11-28 |w 2019-11-22 |y BK |k EIB | ||
| 952 | |0 0 |1 0 |2 ddc |4 0 |6 660_000000000000000_DOR_1998 |7 0 |8 A |9 394808 |a BIBING |b BIBING |c RES |d 2019-11-22 |i 4281721 |l 6 |o 660 DOR 1998 |p 4281721 |r 2025-01-20 |s 2023-06-14 |w 2019-11-22 |y BK |k EIB | ||
| 952 | |0 0 |1 0 |2 ddc |4 0 |6 660_000000000000000_DOR_1998 |7 0 |8 A |9 394809 |a BIBING |b BIBING |c RES |d 2019-11-22 |i 428173K |l 5 |o 660 DOR 1998 |p 428173K |r 2025-01-20 |s 2022-12-09 |w 2019-11-22 |y BK |k EIB | ||
| 952 | |0 0 |1 0 |2 ddc |4 0 |6 660_000000000000000_DOR_1998 |7 0 |8 A |9 394810 |a BIBING |b BIBING |c RES |d 2019-11-22 |i 4281748 |l 6 |m 1 |o 660 DOR 1998 |p 4281748 |r 2025-01-20 |s 2024-12-03 |w 2019-11-22 |y BK |k EIB | ||
| 952 | |0 0 |1 0 |2 ddc |4 0 |6 660_000000000000000_DOR_1998 |7 0 |8 A |9 394811 |a BIBING |b BIBING |c RES |d 2019-11-22 |i 4281756 |l 3 |o 660 DOR 1998 |p 4281756 |r 2025-01-20 |s 2022-11-24 |w 2019-11-22 |y BK |k EIB | ||